|
|
|
|
| LEADER |
00000nam0a2200000 4500 |
| 001 |
90302 |
| 005 |
20231031103429.0 |
| 020 |
|
|
|a RU
|
| 035 |
|
|
|a (RuTPU)RU\TPU\book\96840
|
| 090 |
|
|
|a 90302
|
| 100 |
|
|
|a 20060208d1984 k y0rusy5003 ca
|
| 101 |
0 |
|
|a rus
|
| 102 |
|
|
|a RU
|
| 105 |
|
|
|a a z 001zy
|
| 200 |
1 |
|
|a Конструкции из шлакощелочных бетонов
|f В. А. Пахомов
|
| 210 |
|
|
|d 1984
|a Киев
|c Вища школа
|
| 215 |
|
|
|a 184 с.
|c ил.
|d 20 см
|
| 320 |
|
|
|a Библиогр.: с. 175-182
|
| 610 |
1 |
|
|a бетон
|
| 610 |
1 |
|
|a строительство
|
| 610 |
1 |
|
|a шлакощелочные конструкции
|
| 610 |
1 |
|
|a устойчивость
|
| 610 |
1 |
|
|a выносливость
|
| 610 |
1 |
|
|a трещиностойкость
|
| 610 |
1 |
|
|a деформации
|
| 610 |
1 |
|
|a нормативные документы
|
| 610 |
1 |
|
|a расчеты
|
| 610 |
1 |
|
|a железобетонные конструкции
|
| 675 |
|
|
|a 691.327:666.973.2
|z rus
|
| 700 |
|
1 |
|a Пахомов
|b В. А.
|g Владимир Александрович
|4 070
|
| 801 |
|
0 |
|a RU
|b RuMRKP
|c 19950417
|g psbo
|
| 801 |
|
1 |
|a RU
|b 63413507
|c 20060208
|g PSBO
|
| 801 |
|
2 |
|a RU
|b 63413507
|c 20061012
|g PSBO
|
| 942 |
|
|
|c BK
|